Toutes les voies du 7ème arrondissement de Paris sur une carte - Statistiques

Statistiques générales
  • Ce quiz a été pris 16 fois
  • Le résultat moyen est 51 sur 237
Réponses sur la Carte
Les réponses sont colorées sur une échelle allant du rouge au vert en fonction du pourcentage des utilisateurs qui les ont devinées à leur premier essai. Vous pouvez retrouver ces pourcentages ci-dessous.
 
Statistiques - réponses
Nom de la voie % Correct
Boulevard des Invalides
92%
Place des Invalides
92%
Boulevard Saint Germain
85%
Place de l’Ecole Militaire
85%
Pont de l’Alma
85%
Pont des Invalides
85%
Port des Invalides
85%
Quai d’Orsay
85%
Rue de Grenelle
85%
Avenue de Ségur
77%
Cité de l’Alma
77%
Pont Alexandre III
77%
Avenue de la Motte Picquet
69%
Boulevard de la Tour Maubourg
69%
Pont d’Iéna
69%
Quai Jacques Chirac / Quai Branly
69%
Rue de l’Université
69%
Rue de Sèvres
69%
Rue de Varenne
69%
Rue du Bac
69%
Square de la Tour Maubourg
69%
Villa de Ségur
69%
Avenue de Breteuil
62%
Avenue de Suffren
62%
Boulevard Raspail
62%
Cité de Varenne
62%
Pont de la Concorde
62%
Port de Solférino
62%
Rue de Babylone
62%
Rue de Solférino
62%
Rue Duroc
62%
Rue Vaneau
62%
Cité Vaneau
54%
Place de Breteuil
54%
Port de Suffren
54%
Rue de Lille
54%
Rue Saint Dominique
54%
Pont Royal
46%
Port des Saints-Pères
46%
Rue des Saints-Pères
46%
Rue du Champ de Mars
46%
Rue Saint Guillaume
46%
Passerelle Léopold Sédar Senghor
38%
Place du Palais Bourbon
38%
Place René Char
38%
Place Vauban
38%
Quai Voltaire
38%
Rue Cler
38%
Rue de Bellechasse
38%
Avenue Bosquet
31%
Avenue de Lowendal
31%
Avenue de Saxe
31%
Avenue du Maréchal Gallieni
31%
Avenue Gustave Eiffel
31%
Avenue Rapp
31%
Quai Valéry Giscard d’Estaing
31%
Rue Bosquet
31%
Rue de Bourgogne
31%
Square Rapp
31%
Villa Bosquet
31%
Villa de Saxe
31%
Avenue Charles Floquet
23%
Avenue de La Bourdonnais
23%
Avenue Duquesne
23%
Avenue Frédéric Le Play
23%
Avenue Silvestre de Sacy
23%
Place de Fontenoy - UNESCO
23%
Place Joffre
23%
Pont du Carrousel
23%
Port de La Bourdonnais
23%
Rue de Beaune
23%
Rue de la Chaise
23%
Rue de l’Exposition
23%
Rue de Verneuil
23%
Rue Duvivier
23%
Rue Monsieur
23%
Allée Paul Deschanel
15%
Avenue Anatole France
15%
Avenue Constant Coquelin
15%
Avenue de Tourville
15%
Avenue Elisee Reclus
15%
Avenue Emile Deschanel
15%
Impasse de Valmy
15%
Impasse Oudinot
15%
Passerelle Debilly
15%
Place Saint Thomas d’Aquin
15%
Place Salvador Allende
15%
Port du Gros Caillou
15%
Quai Anatole France
15%
Rue Casimir Périer
15%
Rue Chomel
15%
Rue Cognacq Jay
15%
Rue de Buenos Aires
15%
Rue de Chanaleilles
15%
Rue de Constantine
15%
Rue de la Légion d’Honneur
15%
Rue de Monttessuy
15%
Rue de Villersexel
15%
Rue d’Olivet
15%
Rue du Gros Caillou
15%
Rue du Pré aux Clercs
15%
Rue Fabert
15%
Rue José Maria de Heredia
15%
Rue Masseran
15%
Rue Oudinot
15%
Rue Pierre Leroux
15%
Rue Rousselet
15%
Rue Saint Thomas d’Aquin
15%
Rue Surcouf
15%
Allée Adrienne Lecouvreur
8%
Allée Charlotte Perriand
8%
Allée Claude Montal
8%
Allée de Beaupassage Antoine Alléno
8%
Allée des Refuzniks
8%
Allée Léon Bourgeois
8%
Allée Thomy Thierry
8%
Avenue Barbey d’Aurevilly
8%
Avenue Charles Risler
8%
Avenue Daniel Lesueur
8%
Avenue de Villars
8%
Avenue du Docteur Brouardel
8%
Avenue du Général Détrie
8%
Avenue du Général Ferrié
8%
Avenue du Général Marguerite
8%
Avenue du Général Tripier
8%
Avenue Emile Acollas
8%
Avenue Emile Pouvillon
8%
Avenue Franco-Russe
8%
Avenue Joseph Bouvard
8%
Avenue Octave Gréard
8%
Avenue Pierre Loti
8%
Avenue Robert Schuman
8%
Avenue Sully Prudhomme
8%
Cité du Général Négrier
8%
Cité Martignac
8%
Esplanade du Souvenir Français
8%
Impasse Paul Louis Courier
8%
Passage de la Vierge
8%
Passage de la Visitation
8%
Passage de l’Union
8%
Passage Jean Nicot
8%
Passage Landrieu
8%
Place de la Résistance
8%
Place Denys Cochin
8%
Place du Président Edouard
8%
Place du Président Mithouard
8%
Place El Salvador
8%
Place Gabriel García Márquez
8%
Place Jacques Bainville
8%
Place Jacques Rueff
8%
Rue Albert de Lapparent
8%
Rue Allent
8%
Rue Amélie
8%
Rue Aristide Briand
8%
Rue Augereau
8%
Rue Barbet de Jouy
8%
Rue Bixio
8%
Rue Bougainville
8%
Rue Champfleury
8%
Rue Chevert
8%
Rue de Belgrade
8%
Rue de Champagny
8%
Rue de Courty
8%
Rue de Gribeauval
8%
Rue de la Comète
8%
Rue de la Commaille
8%
Rue de La Planche
8%
Rue de Luynes
8%
Rue de Martignac
8%
Rue de Montalembert
8%
Rue de Narbonne
8%
Rue de Poitiers
8%
Rue de Saint Simon
8%
Rue Desgenettes
8%
Rue d’Estrées
8%
Rue de Talleyrand
8%
Rue du Colonel Combes
8%
Rue du Général Bertrand
8%
Rue du Général Camou
8%
Rue du Général Lambert
8%
Rue du Maréchal Harispe
8%
Rue Dupont des Loges
8%
Rue Eblé
8%
Rue Edmond Valentin
8%
Rue Ernest Psichari
8%
Rue Gaston Gallimard
8%
Rue Henri Moissan
8%
Rue Jean Carriès
8%
Rue Joseph Granier
8%
Rue Juliette Récamier
8%
Rue Las Cases
8%
Rue Léon Vaudoyer
8%
Rue Louis Codet
8%
Rue Malar
8%
Rue Marinoni
8%
Rue Maurice de la Sizeranne
8%
Rue Paul et Jean Lerolle
8%
Rue Paul Louis Courier
8%
Rue Pérignon
8%
Rue Perronet
8%
Rue Pierre Villey
8%
Rue Robert Esnault Pelterie
8%
Rue Savorgnan de Brazza
8%
Rue Sébastien Bottin
8%
Rue Sédillot
8%
Rue Valadon
8%
Rue Velpeau
8%
Square de la Rochefoucauld
8%
Square de Luynes
8%
Square de Robiac
8%
Square Sédillot
8%
Allée Christian Pineau
0%
Allée Jean Paulhan
0%
Allée Maurice Baumont
0%
Carrefour du Général Jacques Pâris de Bollardière
0%
Esplanade David Ben Gourion
0%
Esplanade Habib Bourguiba
0%
Esplanade Jacques Chaban Delmas
0%
Parvis Maurice Druon
0%
Place André Tardieu
0%
Place de Finlande
0%
Place de Sydney
0%
Place du Général Gouraud
0%
Place Edwige Feuillère
0%
Place Henry de Montherlant
0%
Place Le Corbusier
0%
Place Léon Paul Fargue
0%
Place Michel Rocard
0%
Place Pierre Laroque
0%
Place René Laennec
0%
Place Simone Michel Lévy
0%
Promenade Bernard Zehrfuss
0%
Promenade des Berges de la Seine-André Gorz
0%
Promenade Edouard Glissant
0%
Promenade Gisèle Halimi
0%
Promenade Yehudi Menuhin
0%
Rond-Point du Bleuet de France
0%
Aucun quiz correspondant
Distribution des résultats
% des personnes avec chaque résultat
Percentile par nombre de réponses
Votre historique - résultats
Vous n’avez pas pris ce quiz